00760nam a22002057a 4500003000500000005001700005008004100022010001000063011001000073035001000083040000900093100003300102245018800135260004000323300001100363502008200374650002900456650004200485650002700527CHAP20220329133815.0971013s1978 r 00010 d a11197 a12169 a14364 cCHAP00aNarváez López, Fernando. aDeterminación de las dosis óptimas económicas de nitrógeno, fosfóro y potasio para el cultivo de la papa (Solanum tuberosum) en la región occidental del Estado de México aChapingo, Méx. :bEl autor,c1978 a100 h. aTesis (Ing. Agrónomo Especialista en Suelos) -- ENA. Departamento de Suelos14aFertilizantes para papa.14aFertilizantesxAspectos económicos.14aPapazMéxico (Edo.).